00261nam a2200109Ia 4500008004100000100002100041245002800062260002300090260000900113546001200122999001700134170619s9999 xx 000 0 und d aRAMAN- MEENAKSHI 0aTechnical Communication bNew Delhi : Oxford c2013 aENGLISH c21701d21701